Guide to U.S. Government publications.

Bibliographic Details
Previous Title:Andriot, John L. Guide to U.S. Government serials and periodicals
Other Authors: Andriot, John L., Andriot, Donna
Format: Serial
Language:English
Published: Farmington Hills, Mi. [etc.] : Gale Group [etc.]
Subjects:
Online Availability: Check for online availability

MARC

Tag First Indicator Second Indicator Subfields
LEADER 00000cas a2200000 4500
001 in00000043783
005 20151007075017.0
008 741105c19739999miuan1 b 0 a0eng
010 |a  74646648   |z sn 84010089  
012 |a 2  |b 3  |d 7  |e -  |f -  |g p  |h -  |j 1  |l 1 
016 7 |a G13660000  |2 DNLM 
019 |a 997517  |a 1779379  |a 4523763  |a 8596832  |a 8702333  |a 8742628  |a 11859016 
022 0 |a 0092-3168 
035 |a (OCoLC)ocm01795366 
035 |9 AAF2482AM 
037 |b Gale Group, 27500 Drake Rd., Farmington Hills, MI 48331-3535 
040 |a DLC  |c DLC  |d CWR  |d OCL  |d MQM  |d OCL  |d DLC  |d OCL  |d DLC  |d NST  |d OCL  |d RCS  |d NST  |d OCL  |d NST  |d IUL  |d DLC  |d NST  |d OCL  |d DLC  |d NST  |d OCL  |d NSD  |d NST  |d OCL  |d NST  |d IUL  |d NSD  |d NST  |d HUL  |d AGL  |d CLU  |d OCL  |d SYS  |d GUA  |d IUL  |d UtOrBLW 
042 |a lc  |a nsdp 
043 |a n-us--- 
049 |a TXAM 
050 0 0 |a Z1223.Z7  |b A574 
060 0 0 |a Z 1223.Z7 G946 
070 0 |a Z1223.Z7A574 
072 0 |a X000 
082 0 |a 015/.73 
210 0 |a Guide U.S. Gov. publ. 
222 0 |a Guide to U.S. Government publications 
245 0 0 |a Guide to U.S. Government publications. 
246 3 |a Guide to United States Government publications 
246 1 0 |a U.S. Government publications 
264 1 |a Farmington Hills, Mi. [etc.] :  |b Gale Group [etc.] 
300 |a volumes ;  |c 29 cm. 
336 |a text  |b txt  |2 rdacontent 
337 |a unmediated  |b n  |2 rdamedia 
338 |a volume  |b nc  |2 rdacarrier 
362 0 |a 1973- 
500 |a Published: Manassas, Va., <1999- > 
515 |a Vols. for 1973- issued in 2 or more parts; for 1980- issued in 2 parts, including vol. for current agencies (published annually) and vol. for non-current agencies (published quinquennially). 
515 |a Edition for 1981 published in microfiche only. 
525 |a Quarterly updating supplements are issued between editions. 
530 |a Also available on microfiche. 
500 |a Editor: 1973- J. L. Andriot ; <1999- >, Donna Andriot. 
650 0 |a Government publications  |z United States  |v Periodicals  |v Bibliography. 
700 1 |a Andriot, John L. 
700 1 |a Andriot, Donna. 
776 1 |t Guide to U.S. Government publications  |w (DLC)sn 82020148  |w (OCoLC)7606005 
780 0 0 |a Andriot, John L.  |t Guide to U.S. Government serials and periodicals  |x 0362-8132  |w (OCoLC)3357984 
850 |a AU  |a CLU-L  |a CSf  |a CU-RivA  |a CU-S  |a CaAEU  |a CaBVaS  |a CaOWtU  |a CoU  |a CtHT  |a DLC  |a DNAL  |a DeU  |a GASU  |a GEU  |a ICU  |a IaAS  |a In  |a InU  |a KMK  |a MChB  |a MdBJ  |a MdU  |a MiDW  |a MiEM  |a MnSU  |a MnU  |a MoSU  |a MoU  |a MsSM  |a NBC  |a NBuU-R  |a NN  |a NNC  |a NSyU  |a NcCU  |a NcD-L  |a NcRS  |a NcU  |a NjP  |a NjR  |a NjR-NL  |a NmU  |a OU  |a OkU  |a OrCS  |a OrU  |a PPD  |a PPiU  |a TU  |a TxDaM  |a TxHR  |a TxLT  |a TxDaM  |a Vi  |a ViU 
891 0 0 |9 853  |8 1  |a (year)  |b pt.  |u var  |v r  |w a 
891 4 1 |9 863  |8 1.1  |a 1973  |b 1 
936 |a Unknown  |a 1986 (surrogate) 
994 |a E0  |b TXA 
999 |a MARS 
999 f f |s 51c32861-bffc-3806-85a7-9b38f5d349a7  |i 06282116-50d3-30c5-801d-d26ab781e114  |t 0 
952 f f |p normal  |a Texas A&M University  |b College Station  |c Sterling C. Evans Library  |s Evans stk  |d Evans: Library Stacks  |t 0  |e Z1223.Z7 A572  |h Library of Congress classification  |i unmediated -- volume  |k 2016:v.2  |m A14843024648 
952 f f |p normal  |a Texas A&M University  |b College Station  |c Sterling C. Evans Library  |s Evans stk  |d Evans: Library Stacks  |t 0  |e Z1223.Z7 A572  |h Library of Congress classification  |i unmediated -- volume  |k 2010:v.3  |m A14837480092 
952 f f |p normal  |a Texas A&M University  |b College Station  |c Sterling C. Evans Library  |s Evans stk  |d Evans: Library Stacks  |t 0  |e Z1223.Z7 A572  |h Library of Congress classification  |i unmediated -- volume  |k 2016:v.3  |m A14843024655 
952 f f |p normal  |a Texas A&M University  |b College Station  |c Sterling C. Evans Library  |s Evans stk  |d Evans: Library Stacks  |t 0  |e Z1223.Z7 A572  |h Library of Congress classification  |i unmediated -- volume  |k 1997  |m A14822192765 
952 f f |p normal  |a Texas A&M University  |b College Station  |c Sterling C. Evans Library  |s Evans stk  |d Evans: Library Stacks  |t 0  |e Z1223.Z7 A572  |h Library of Congress classification  |i unmediated -- volume  |k 2021:v.1  |m A14851527318 
952 f f |p 4_hour  |a Texas A&M University  |b College Station  |c Sterling C. Evans Library  |s Evans stk  |d Evans: Library Stacks  |t 0  |e Z1223.Z7 A572  |h Library of Congress classification  |i unmediated -- volume  |k 2023:v.3  |m A14851802273 
952 f f |p normal  |a Texas A&M University  |b College Station  |c Sterling C. Evans Library  |s Evans stk  |d Evans: Library Stacks  |t 0  |e Z1223.Z7 A572  |h Library of Congress classification  |i unmediated -- volume  |k 2013:v.1  |m A14841358299 
952 f f |p normal  |a Texas A&M University  |b College Station  |c Sterling C. Evans Library  |s Evans stk  |d Evans: Library Stacks  |t 0  |e Z1223.Z7 A572  |h Library of Congress classification  |i unmediated -- volume  |k 2012:v.3  |m A14839682404 
952 f f |p normal  |a Texas A&M University  |b College Station  |c Sterling C. Evans Library  |s Evans stk  |d Evans: Library Stacks  |t 0  |e Z1223.Z7 A572  |h Library of Congress classification  |i unmediated -- volume  |k 1990  |m A14812234133 
952 f f |p normal  |a Texas A&M University  |b College Station  |c Sterling C. Evans Library  |s Evans stk  |d Evans: Library Stacks  |t 0  |e Z1223.Z7 A572  |h Library of Congress classification  |i unmediated -- volume  |k 2007  |m A14833985626 
952 f f |p 4_hour  |a Texas A&M University  |b College Station  |c Sterling C. Evans Library  |s Evans stk  |d Evans: Library Stacks  |t 0  |e Z1223.Z7 A572  |h Library of Congress classification  |i unmediated -- volume  |k 2023:v.1  |m A14851802257 
952 f f |p normal  |a Texas A&M University  |b College Station  |c Sterling C. Evans Library  |s Evans stk  |d Evans: Library Stacks  |t 0  |e Z1223.Z7 A572  |h Library of Congress classification  |i unmediated -- volume  |k 2013:v.3  |m A14841358312 
952 f f |p normal  |a Texas A&M University  |b College Station  |c Sterling C. Evans Library  |s Evans stk  |d Evans: Library Stacks  |t 0  |e Z1223.Z7 A572  |h Library of Congress classification  |i unmediated -- volume  |k 2009  |m A14837278160 
952 f f |p normal  |a Texas A&M University  |b College Station  |c Sterling C. Evans Library  |s Evans stk  |d Evans: Library Stacks  |t 0  |e Z1223.Z7 A572  |h Library of Congress classification  |i unmediated -- volume  |k 2019:v.3  |m A14850446395 
952 f f |p normal  |a Texas A&M University  |b College Station  |c Sterling C. Evans Library  |s Evans stk  |d Evans: Library Stacks  |t 0  |e Z1223.Z7 A572  |h Library of Congress classification  |i unmediated -- volume  |k 1988  |m A14811250770 
952 f f |p normal  |a Texas A&M University  |b College Station  |c Sterling C. Evans Library  |s Evans stk  |d Evans: Library Stacks  |t 0  |e Z1223.Z7 A572  |h Library of Congress classification  |i unmediated -- volume  |k 2011:v.2  |m A14839129391 
952 f f |p normal  |a Texas A&M University  |b College Station  |c Sterling C. Evans Library  |s Evans stk  |d Evans: Library Stacks  |t 0  |e Z1223.Z7 A572  |h Library of Congress classification  |i unmediated -- volume  |k 2018:v.1  |m A14850213977 
952 f f |p normal  |a Texas A&M University  |b College Station  |c Sterling C. Evans Library  |s Evans stk  |d Evans: Library Stacks  |t 0  |e Z1223.Z7 A572  |h Library of Congress classification  |i unmediated -- volume  |k 1976:v.1  |m A14819089759 
952 f f |p normal  |a Texas A&M University  |b College Station  |c Sterling C. Evans Library  |s Evans stk  |d Evans: Library Stacks  |t 0  |e Z1223.Z7 A572  |h Library of Congress classification  |i unmediated -- volume  |k 2022:v.2  |m A14851167990 
952 f f |p normal  |a Texas A&M University  |b College Station  |c Sterling C. Evans Library  |s Evans stk  |d Evans: Library Stacks  |t 0  |e Z1223.Z7 A572  |h Library of Congress classification  |i unmediated -- volume  |k 2012:v.2  |m A14839682399 
952 f f |p normal  |a Texas A&M University  |b College Station  |c Sterling C. Evans Library  |s Evans stk  |d Evans: Library Stacks  |t 0  |e Z1223.Z7 A572  |h Library of Congress classification  |i unmediated -- volume  |k 1984:v.1  |m A14807862183 
952 f f |p normal  |a Texas A&M University  |b College Station  |c Sterling C. Evans Library  |s Evans stk  |d Evans: Library Stacks  |t 0  |e Z1223.Z7 A572  |h Library of Congress classification  |i unmediated -- volume  |k 1978:v.4  |m A14819089351 
952 f f |p normal  |a Texas A&M University  |b College Station  |c Sterling C. Evans Library  |s Evans stk  |d Evans: Library Stacks  |t 0  |e Z1223.Z7 A572  |h Library of Congress classification  |i unmediated -- volume  |k 1994  |m A14818037212 
952 f f |p normal  |a Texas A&M University  |b College Station  |c Sterling C. Evans Library  |s Evans stk  |d Evans: Library Stacks  |t 0  |e Z1223.Z7 A572  |h Library of Congress classification  |i unmediated -- volume  |k 2020:v.1  |m A14850953499 
952 f f |p normal  |a Texas A&M University  |b College Station  |c Sterling C. Evans Library  |s Evans stk  |d Evans: Library Stacks  |t 0  |e Z1223.Z7 A572  |h Library of Congress classification  |i unmediated -- volume  |k 2004  |m A14830665104 
952 f f |p normal  |a Texas A&M University  |b College Station  |c Sterling C. Evans Library  |s Evans stk  |d Evans: Library Stacks  |t 0  |e Z1223.Z7 A572  |h Library of Congress classification  |i unmediated -- volume  |k 2001  |m A14827196382 
952 f f |p normal  |a Texas A&M University  |b College Station  |c Sterling C. Evans Library  |s Evans stk  |d Evans: Library Stacks  |t 0  |e Z1223.Z7 A574  |h Library of Congress classification  |i unmediated -- volume  |k 2001  |m A14827196421 
952 f f |p normal  |a Texas A&M University  |b College Station  |c Sterling C. Evans Library  |s Evans stk  |d Evans: Library Stacks  |t 0  |e Z1223.Z7 A574  |h Library of Congress classification  |i unmediated -- volume  |k 2002  |m A14828639901 
952 f f |p normal  |a Texas A&M University  |b College Station  |c Sterling C. Evans Library  |s Evans stk  |d Evans: Library Stacks  |t 0  |e Z1223.Z7 A572  |h Library of Congress classification  |i unmediated -- volume  |k 2017:v.1  |m A14843476822 
952 f f |p normal  |a Texas A&M University  |b College Station  |c Sterling C. Evans Library  |s Evans stk  |d Evans: Library Stacks  |t 0  |e Z1223.Z7 A572  |h Library of Congress classification  |i unmediated -- volume  |k 2022:v.3  |m A14851168006 
952 f f |p normal  |a Texas A&M University  |b College Station  |c Sterling C. Evans Library  |s Evans stk  |d Evans: Library Stacks  |t 0  |e Z1223.Z7 A572  |h Library of Congress classification  |i unmediated -- volume  |k 1977:v.2  |m A14819089741 
952 f f |p normal  |a Texas A&M University  |b College Station  |c Sterling C. Evans Library  |s Evans stk  |d Evans: Library Stacks  |t 0  |e Z1223.Z7 A572  |h Library of Congress classification  |i unmediated -- volume  |k 2008  |m A14834020089 
952 f f |p normal  |a Texas A&M University  |b College Station  |c Sterling C. Evans Library  |s Evans stk  |d Evans: Library Stacks  |t 0  |e Z1223.Z7 A572  |h Library of Congress classification  |i unmediated -- volume  |k 2012:v.1  |m A14839682381 
952 f f |p normal  |a Texas A&M University  |b College Station  |c Sterling C. Evans Library  |s Evans stk  |d Evans: Library Stacks  |t 0  |e Z1223.Z7 A572  |h Library of Congress classification  |i unmediated -- volume  |k 2019:v.2  |m A14850446387 
952 f f |p normal  |a Texas A&M University  |b College Station  |c Sterling C. Evans Library  |s Evans stk  |d Evans: Library Stacks  |t 0  |e Z1223.Z7 A572  |h Library of Congress classification  |i unmediated -- volume  |k 2002  |m A14828604451 
952 f f |p normal  |a Texas A&M University  |b College Station  |c Sterling C. Evans Library  |s Evans stk  |d Evans: Library Stacks  |t 0  |e Z1223.Z7 A572  |h Library of Congress classification  |i unmediated -- volume  |k 2020:v.3  |m A14850953515 
952 f f |p normal  |a Texas A&M University  |b College Station  |c Sterling C. Evans Library  |s Evans stk  |d Evans: Library Stacks  |t 0  |e Z1223.Z7 A574  |h Library of Congress classification  |i unmediated -- volume  |k 2000  |m A14825729414 
952 f f |p normal  |a Texas A&M University  |b College Station  |c Sterling C. Evans Library  |s Evans stk  |d Evans: Library Stacks  |t 0  |e Z1223.Z7 A572  |h Library of Congress classification  |i unmediated -- volume  |k 2000  |m A14825728426 
952 f f |p normal  |a Texas A&M University  |b College Station  |c Sterling C. Evans Library  |s Evans stk  |d Evans: Library Stacks  |t 0  |e Z1223.Z7 A572  |h Library of Congress classification  |i unmediated -- volume  |k 2013:v.2  |m A14841358304 
952 f f |p normal  |a Texas A&M University  |b College Station  |c Sterling C. Evans Library  |s Evans stk  |d Evans: Library Stacks  |t 0  |e Z1223.Z7 A572  |h Library of Congress classification  |i unmediated -- volume  |k 1993  |m A14816988920 
952 f f |p normal  |a Texas A&M University  |b College Station  |c Sterling C. Evans Library  |s Evans stk  |d Evans: Library Stacks  |t 0  |e Z1223.Z7 A572  |h Library of Congress classification  |i unmediated -- volume  |k 2011:v.3  |m A14839129406 
952 f f |p normal  |a Texas A&M University  |b College Station  |c Sterling C. Evans Library  |s Evans stk  |d Evans: Library Stacks  |t 0  |e Z1223.Z7 A572  |h Library of Congress classification  |i unmediated -- volume  |k 2018:v.2  |m A14850213985 
952 f f |p normal  |a Texas A&M University  |b College Station  |c Sterling C. Evans Library  |s Evans stk  |d Evans: Library Stacks  |t 0  |e Z1223.Z7 A572  |h Library of Congress classification  |i unmediated -- volume  |k 2005  |m A14831421927 
952 f f |p normal  |a Texas A&M University  |b College Station  |c Sterling C. Evans Library  |s Evans stk  |d Evans: Library Stacks  |t 0  |e Z1223.Z7 A572  |h Library of Congress classification  |i unmediated -- volume  |k 2014:v.3  |m A14841834477 
952 f f |p normal  |a Texas A&M University  |b College Station  |c Sterling C. Evans Library  |s Evans stk  |d Evans: Library Stacks  |t 0  |e Z1223.Z7 A572  |h Library of Congress classification  |i unmediated -- volume  |k 1991  |m A14814719040 
952 f f |p 4_hour  |a Texas A&M University  |b College Station  |c Sterling C. Evans Library  |s Evans ref  |d Evans: Reference (1st floor)  |t 0  |e Z1223.Z7 A572  |h Library of Congress classification  |i unmediated -- volume  |k 2024:v.3  |m A14851842923 
952 f f |p normal  |a Texas A&M University  |b College Station  |c Sterling C. Evans Library  |s Evans stk  |d Evans: Library Stacks  |t 0  |e Z1223.Z7 A574  |h Library of Congress classification  |i unmediated -- volume  |k 1998  |m A14823380557 
952 f f |p normal  |a Texas A&M University  |b College Station  |c Sterling C. Evans Library  |s Evans stk  |d Evans: Library Stacks  |t 0  |e Z1223.Z7 A572  |h Library of Congress classification  |i unmediated -- volume  |k 1987  |m A14810021314 
952 f f |p normal  |a Texas A&M University  |b College Station  |c Sterling C. Evans Library  |s Evans stk  |d Evans: Library Stacks  |t 0  |e Z1223.Z7 A574  |h Library of Congress classification  |i unmediated -- volume  |k 1999  |m A14826003057 
952 f f |p normal  |a Texas A&M University  |b College Station  |c Sterling C. Evans Library  |s Evans stk  |d Evans: Library Stacks  |t 0  |e Z1223.Z7 A572  |h Library of Congress classification  |i unmediated -- volume  |k 1980:v.2  |m A14808442910 
952 f f |p normal  |a Texas A&M University  |b College Station  |c Sterling C. Evans Library  |s Evans stk  |d Evans: Library Stacks  |t 0  |e Z1223.Z7 A572  |h Library of Congress classification  |i unmediated -- volume  |k 2015:v.2  |m A14842605405 
952 f f |p normal  |a Texas A&M University  |b College Station  |c Sterling C. Evans Library  |s Evans stk  |d Evans: Library Stacks  |t 0  |e Z1223.Z7 A572  |h Library of Congress classification  |i unmediated -- volume  |k 2014:v.1  |m A14841834824 
952 f f |p normal  |a Texas A&M University  |b College Station  |c Sterling C. Evans Library  |s Evans stk  |d Evans: Library Stacks  |t 0  |e Z1223.Z7 A572  |h Library of Congress classification  |i unmediated -- volume  |k 1978:v.1  |m A14819089694 
952 f f |p normal  |a Texas A&M University  |b College Station  |c Sterling C. Evans Library  |s Evans stk  |d Evans: Library Stacks  |t 0  |e Z1223.Z7 A572  |h Library of Congress classification  |i unmediated -- volume  |k 2015:v.3  |m A14842605520 
952 f f |p normal  |a Texas A&M University  |b College Station  |c Sterling C. Evans Library  |s Evans stk  |d Evans: Library Stacks  |t 0  |e Z1223.Z7 A574  |h Library of Congress classification  |i unmediated -- volume  |k 1988  |m A14811258558 
952 f f |p normal  |a Texas A&M University  |b College Station  |c Sterling C. Evans Library  |s Evans stk  |d Evans: Library Stacks  |t 0  |e Z1223.Z7 A572  |h Library of Congress classification  |i unmediated -- volume  |k [1973/1974]:index  |m A14842851868 
952 f f |p normal  |a Texas A&M University  |b College Station  |c Sterling C. Evans Library  |s Evans stk  |d Evans: Library Stacks  |t 0  |e Z1223.Z7 A572  |h Library of Congress classification  |i unmediated -- volume  |k 2017:v.2  |m A14843476830 
952 f f |p normal  |a Texas A&M University  |b College Station  |c Sterling C. Evans Library  |s Evans stk  |d Evans: Library Stacks  |t 0  |e Z1223.Z7 A572  |h Library of Congress classification  |i unmediated -- volume  |k 1995  |m A14819100953 
952 f f |p normal  |a Texas A&M University  |b College Station  |c Sterling C. Evans Library  |s Evans stk  |d Evans: Library Stacks  |t 0  |e Z1223.Z7 A572  |h Library of Congress classification  |i unmediated -- volume  |k 1977:v.3  |m A14819089709 
952 f f |p normal  |a Texas A&M University  |b College Station  |c Sterling C. Evans Library  |s Evans stk  |d Evans: Library Stacks  |t 0  |e Z1223.Z7 A572  |h Library of Congress classification  |i unmediated -- volume  |k 2019:v.1  |m A14850446379 
952 f f |p normal  |a Texas A&M University  |b College Station  |c Sterling C. Evans Library  |s Evans stk  |d Evans: Library Stacks  |t 0  |e Z1223.Z7 A572  |h Library of Congress classification  |i unmediated -- volume  |k 2014:v.2  |m A14841834949 
952 f f |p normal  |a Texas A&M University  |b College Station  |c Sterling C. Evans Library  |s Evans stk  |d Evans: Library Stacks  |t 0  |e Z1223.Z7 A572  |h Library of Congress classification  |i unmediated -- volume  |k 2021:v.2  |m A14851527326 
952 f f |p normal  |a Texas A&M University  |b College Station  |c Sterling C. Evans Library  |s Evans stk  |d Evans: Library Stacks  |t 0  |e Z1223.Z7 A574  |h Library of Congress classification  |i unmediated -- volume  |k 1997  |m A14822192969 
952 f f |p normal  |a Texas A&M University  |b College Station  |c Sterling C. Evans Library  |s Evans stk  |d Evans: Library Stacks  |t 0  |e Z1223.Z7 A572  |h Library of Congress classification  |i unmediated -- volume  |k 1996  |m A14820188859 
952 f f |p 4_hour  |a Texas A&M University  |b College Station  |c Sterling C. Evans Library  |s Evans stk  |d Evans: Library Stacks  |t 0  |e Z1223.Z7 A572  |h Library of Congress classification  |i unmediated -- volume  |k 2023:v.2  |m A14851802265 
952 f f |p normal  |a Texas A&M University  |b College Station  |c Sterling C. Evans Library  |s Evans stk  |d Evans: Library Stacks  |t 0  |e Z1223.Z7 A572  |h Library of Congress classification  |i unmediated -- volume  |k 2018:v.3  |m A14850213993 
952 f f |p normal  |a Texas A&M University  |b College Station  |c Sterling C. Evans Library  |s Evans stk  |d Evans: Library Stacks  |t 0  |e Z1223.Z7 A572  |h Library of Congress classification  |i unmediated -- volume  |k 2010:v.2  |m A14837480050 
952 f f |p normal  |a Texas A&M University  |b College Station  |c Sterling C. Evans Library  |s Evans stk  |d Evans: Library Stacks  |t 0  |e Z1223.Z7 A572  |h Library of Congress classification  |i unmediated -- volume  |k 2006  |m A14831443571 
952 f f |p normal  |a Texas A&M University  |b College Station  |c Sterling C. Evans Library  |s Evans stk  |d Evans: Library Stacks  |t 0  |e Z1223.Z7 A572  |h Library of Congress classification  |i unmediated -- volume  |k 2016:v.1  |m A14843024630 
952 f f |p normal  |a Texas A&M University  |b College Station  |c Sterling C. Evans Library  |s Evans stk  |d Evans: Library Stacks  |t 0  |e Z1223.Z7 A572  |h Library of Congress classification  |i unmediated -- volume  |k 2010:v.1  |m A14837480018 
952 f f |p normal  |a Texas A&M University  |b College Station  |c Sterling C. Evans Library  |s Evans stk  |d Evans: Library Stacks  |t 0  |e Z1223.Z7 A572  |h Library of Congress classification  |i unmediated -- volume  |k 2015:v.1  |m A14842605280 
952 f f |p normal  |a Texas A&M University  |b College Station  |c Sterling C. Evans Library  |s Evans stk  |d Evans: Library Stacks  |t 0  |e Z1223.Z7 A572  |h Library of Congress classification  |i unmediated -- volume  |k 2017:v.3  |m A14843476848 
952 f f |p 4_hour  |a Texas A&M University  |b College Station  |c Sterling C. Evans Library  |s Evans ref  |d Evans: Reference (1st floor)  |t 0  |e Z1223.Z7 A572  |h Library of Congress classification  |i unmediated -- volume  |k 2024:v.2  |m A14851842915 
952 f f |p normal  |a Texas A&M University  |b College Station  |c Sterling C. Evans Library  |s Evans stk  |d Evans: Library Stacks  |t 0  |e Z1223.Z7 A572  |h Library of Congress classification  |i unmediated -- volume  |k 1986  |m A14809267672 
952 f f |p normal  |a Texas A&M University  |b College Station  |c Sterling C. Evans Library  |s Evans stk  |d Evans: Library Stacks  |t 0  |e Z1223.Z7 A572  |h Library of Congress classification  |i unmediated -- volume  |k 1992  |m A14815621753 
952 f f |p normal  |a Texas A&M University  |b College Station  |c Sterling C. Evans Library  |s Evans stk  |d Evans: Library Stacks  |t 0  |e Z1223.Z7 A572  |h Library of Congress classification  |i unmediated -- volume  |k 2021:v.3  |m A14851527334 
952 f f |p 4_hour  |a Texas A&M University  |b College Station  |c Sterling C. Evans Library  |s Evans ref  |d Evans: Reference (1st floor)  |t 0  |e Z1223.Z7 A572  |h Library of Congress classification  |i unmediated -- volume  |k 2024:v.1  |m A14851842907 
952 f f |p normal  |a Texas A&M University  |b College Station  |c Sterling C. Evans Library  |s Evans stk  |d Evans: Library Stacks  |t 0  |e Z1223.Z7 A572  |h Library of Congress classification  |i unmediated -- volume  |k 2022:v.1  |m A14851167982 
952 f f |p normal  |a Texas A&M University  |b College Station  |c Sterling C. Evans Library  |s Evans stk  |d Evans: Library Stacks  |t 0  |e Z1223.Z7 A572  |h Library of Congress classification  |i unmediated -- volume  |k 2003  |m A14828654139 
952 f f |p normal  |a Texas A&M University  |b College Station  |c Sterling C. Evans Library  |s Evans stk  |d Evans: Library Stacks  |t 0  |e Z1223.Z7 A572  |h Library of Congress classification  |i unmediated -- volume  |k 2011:v.1  |m A14839129383 
952 f f |p normal  |a Texas A&M University  |b College Station  |c Sterling C. Evans Library  |s Evans stk  |d Evans: Library Stacks  |t 0  |e Z1223.Z7 A572  |h Library of Congress classification  |i unmediated -- volume  |k 1983:v.1  |m A14807660476 
952 f f |p normal  |a Texas A&M University  |b College Station  |c Sterling C. Evans Library  |s Evans stk  |d Evans: Library Stacks  |t 0  |e Z1223.Z7 A572  |h Library of Congress classification  |i unmediated -- volume  |k 1999  |m A14826003015 
952 f f |p normal  |a Texas A&M University  |b College Station  |c Sterling C. Evans Library  |s Evans stk  |d Evans: Library Stacks  |t 0  |e Z1223.Z7 A572  |h Library of Congress classification  |i unmediated -- volume  |k 2020:v.2  |m A14850953507 
952 f f |p normal  |a Texas A&M University  |b College Station  |c Sterling C. Evans Library  |s Evans stk  |d Evans: Library Stacks  |t 0  |e Z1223.Z7 A574  |h Library of Congress classification  |i unmediated -- volume  |k 2003  |m A14828654171 
952 f f |p normal  |a Texas A&M University  |b College Station  |c Sterling C. Evans Library  |s Evans stk  |d Evans: Library Stacks  |t 0  |e Z1223.Z7 A572  |h Library of Congress classification  |i unmediated -- volume  |k 1998  |m A14823380507 
998 f f |a Z1223.Z7 A574  |s 1988,1997-2003  |t 0  |l Evans: Library Stacks 
998 f f |a Z1223.Z7 A572  |s 1976-1980,1983-1988,1990-2024  |t 0  |l Evans: Library Stacks